000 00547nam a2200217Ia 4500
005 20250425162751.0
008 250425s9999 xx 000 0 und d
020 _a0124760422
041 _aeng
082 _a621.381
100 _aBLEULER, E.
245 0 _aMETHODS OF EXPERIMENTAL PHYSICS: ELECTRONIC METHODS (PART B)
250 _a2ND ED.
260 _aEstados Unidos
_bACADEMIC PRESS
_c1975
260 _aNEW YORK
300 _a524
650 _aINGENIERIA ELECTRONICA
700 _aHAXBY, R. O.
942 _c01
010 _a107110
999 _c236010
_d236010